Colors A-Z - Statistics

General Stats
  • This quiz has been taken 527 times
    392 since last reset
  • The average score is 13 of 26
Answer Stats
Letter Hint Color % Correct
J Green like the gemstone jade
86%
N Dark shade of blue navy
79%
S Light orange to pink color, like the fish salmon
75%
Q Purplish, like the mineral quartz
73%
B A light-grayish yellowish brown beige
69%
Y Between green and orange (on spectrum) yellow
67%
G Dark yellow, sometimes metallic gold
66%
A Variation of cyan aqua
62%
I Like the ancient dye of the same name indigo
62%
L Shade of purple or violet, like the flower lavender
61%
T Blue green, like the mineral turquoise
60%
F Vivid pinkish-purplish-red color fuchsia
54%
M Reddish-brown, like the wood mahogany
52%
O Shade of black, like the gem onyx
51%
D Yellow, as in a flower dandelion
50%
K Light tan shade with yellowish tinge khaki
48%
H Pale green, almost white, like a melon honeydew
38%
X Greenish-gray (Hint: "Kubla Khan") xanadu
36%
C Color between yellow and green chartreuse
35%
V Red orange, from powdered cinnabar vermilion
35%
E Pale, warm, neutral, off-white color eggshell
33%
U Deep blue, from lapis lazuli ultramarine
29%
R Halfway between red and magenta rose
28%
P Brownish purple, a favorite of Antoinette puce
23%
W A light version of the color for letter L wisteria
16%
Z Deep blue obtained by roasting cobalt ore zaffre
3%
No matching quizzes found
Score Distribution
Percent of People with Each Score
Percentile by Number Answered
Your Score History
You have not taken this quiz since the last reset